000 01228aam a2200325 i 4500
001 768714001
003 CO-MdFUSB
005 20250603142542.0
007 ta
008 250603t1998 -us |||| |||| 00| 0 spa d
020 _a1-928915-48-5
040 _cCO-MdFUSB
041 _aspa
082 0 4 _223
_a248.6
_bK556c
100 1 _aKinlaw, Dennis F. (1922-)
_eautor
245 1 0 _aLa mente de Cristo
_c/ Dennis F. Kinlaw ; traducido por Rachel L. Coleman , Marcia Leiva
264 1 _bFrancis Asbury Press,
_aNappanee, Indiana :
_c[1998]
264 4 _c©1998
300 _a141 páginas
336 _atexto
_btxt
_2rdacontent
337 _2rdamedia
_asin mediación
_bn
338 _2rdacarrier
_avolumen
_bnc
505 _aEl tema olvidado -- ¿Hacer lo justo o ser justo? -- Entendiendo quién es Cristo -- Entendiendo quiénes somos nosotros -- La mente carnal versus la mente de Cristo -- Desde el terreno medio hasta las alturas -- "No busquéis vuestro propio provecho" -- ¿Por qué necesitamos tener la mente de Cristo?
563 _aRústico
650 0 _aVida cristiana
_919
700 _aColeman, Rachel L.,
_911639
_etraductor
700 _aLeiva, Marcia,
_911640
_etraductor
942 _cBK
945 _aJTF-925
999 _c33161
_d33161